000 01336cab a2200301 4500
001 E1330
008 090401t1991 xxu||||| |||| 00| 0 eng d
035 _a(Sirsi) u32377
041 _aeng
245 _aLamont v Glenrothes Development Corporation
260 _c1991
300 _a11p.
350 _a0
490 _aSLT
_v1993 (Lands Tr),2-12(11)
520 _aLands Tribunal for Scotland. 20 May 1991. Landlord and tenant - Public sector housing - Tenants` rights - Purchase of dwellinghouse - Farmhouse let with other houses and cottages on series of ahort tenancies with agricultural land worked by partnership - Farmhouse subject of separate missives of let - Whether house let with agricultural land exceeding two acres in extent - Whther applicant a tenant - Housing (Scotland) Act 1987, s 44 (1) and (4) and Sched 2, para 6 (a).
650 _aAGRICULTURAL HOLDINGS (SCOTLAND) ACT 1949
650 _aPROPERTY-LANDLORD AND TENANT-TENANCIES-AGRICULTURAL TENANCIES
650 _aCompulsory purchase
_96228
650 _aHOUSING (SCOTLAND) ACT 1987
650 _aHOUSING ACT 1980
650 _aLANDS TRIBUNAL FOR SCOTLAND
650 _aSCOTLAND
650 _aSECURE TENANCIES
650 _aSHORT TENANCIES
690 _aLANDLORD AND TENANT-CASE LAW-AGRICULTURAL TENANCIES
942 _n0
948 _c04/03/1997
999 _c21710
_d21710